| 000 | 00544nam a22001817a 4500 | ||
|---|---|---|---|
| 003 | OSt | ||
| 005 | 20150408113925.0 | ||
| 008 | 110920t xxu||||| |||| 00| 0 eng d | ||
| 020 | _a9780072223439 | ||
| 040 |
_aMU _bENG _cMB |
||
| 082 |
_221 _a005.4469 |
||
| 100 |
_aRuest, Danielle. _94714 |
||
| 245 |
_aWindows server 2003 _bbest practices for enterprise deployments _cDanielle Ruest, Nelson Ruest. |
||
| 260 |
_aLONDON _bOsborne/McGraw-Hill, _c2003 |
||
| 300 | _axxvi, 490 p. | ||
| 650 |
_aMicrosoft .NET Framework. _94715 |
||
| 942 |
_2ddc _cBOOK |
||
| 999 |
_c15270 _d249770 |
||